[Event "HUN-chT2 Charousek 0506"]
[Site "Hungary"]
[Date "2006.01.22"]
[Round "6"]
[White "Juhasz, Jozsef"]
[Black "Bartha, Sandor"]
[Result "1/2-1/2"]
[WhiteElo "2292"]
[BlackElo "2184"]
[PlyCount "41"]
[EventDate "2005.10.16"]
[EventType "team"]
[EventRounds "11"]
[EventCountry "HUN"]
[SourceTitle "EXT 2009"]
[Source "ChessBase"]
[SourceDate "2008.11.26"]
[SourceVersion "1"]
[SourceVersionDate "2008.11.26"]
[SourceQuality "1"]
[WhiteTeam "Tapolca"]
[BlackTeam "Keszthely"]
[WhiteTeamCountry "HUN"]
[BlackTeamCountry "HUN"]

1. e4 c5 2. Nf3 d6 3. d4 cxd4 4. Qxd4 a6 5. c4 Nc6 6. Qd2 g6 7. Nc3 Bg7 8. b3 Nf6 9. Bb2 0-0 10. Be2 Bg4 11. 0-0 Nd7 12. Nd5 Bxb2 13. Qxb2 Nc5 14. h3 Bxf3 15. Bxf3 e5 16. Rad1 Ne6 17. g3 Ned4 18. Bg2 f5 19. exf5 Nxf5 20. Nc3 Qc7 21. Bd5+ 1/2-1/2

[Event "Tapolca op"]
[Site "Budapest"]
[Date "2005.08.16"]
[Round "4"]
[White "Juhasz, Jozsef"]
[Black "Szell, Lajos"]
[Result "1/2-1/2"]
[WhiteElo "2285"]
[BlackElo "2213"]
[PlyCount "60"]
[EventDate "2005.08.14"]
[EventType "swiss"]
[EventRounds "7"]
[EventCountry "HUN"]
[SourceTitle "EXT 2008"]
[Source "ChessBase"]
[SourceDate "2007.11.25"]
[SourceVersion "1"]
[SourceVersionDate "2007.11.25"]
[SourceQuality "1"]

1. e4 e5 2. Nf3 Nc6 3. Bb5 f5 4. Nc3 fxe4 5. Nxe4 d5 6. Nxe5 dxe4 7. Nxc6 Qg5 8. Qe2 Nf6 9. f4 Qxf4 10. Ne5+ c6 11. d4 Qh4+ 12. g3 Qh3 13. Bc4 Be6 14. Bg5 Bd6 15. 0-0-0 0-0-0 16. Bxf6 gxf6 17. Bxe6+ Qxe6 18. Qc4 Qxc4 19. Nxc4 f5 20. Rhf1 Rhf8 21. Nxd6+ Rxd6 22. c3 Kd7 23. Kd2 Ke6 24. Ke3 h5 25. Rf4 Rg8 26. Rdf1 Rg5 27. R1f2 b5 28. b4 Rd7 29. a4 a6 30. Rf1 Rf7 1/2-1/2

[Event "Tapolca op"]
[Site "Budapest"]
[Date "2005.08.15"]
[Round "3"]
[White "Reiss, Tibor"]
[Black "Juhasz, Jozsef"]
[Result "1-0"]
[WhiteElo "2397"]
[BlackElo "2285"]
[PlyCount "91"]
[EventDate "2005.08.14"]
[EventType "swiss"]
[EventRounds "7"]
[EventCountry "HUN"]
[SourceTitle "EXT 2008"]
[Source "ChessBase"]
[SourceDate "2007.11.25"]
[SourceVersion "1"]
[SourceVersionDate "2007.11.25"]
[SourceQuality "1"]

1. d4 Nf6 2. Bg5 d5 3. Bxf6 exf6 4. e3 Be6 5. g3 c6 6. Nd2 Nd7 7. Bg2 f5 8. Ne2 g6 9. b3 a5 10. 0-0 Bg7 11. c4 Nf6 12. Nc3 0-0 13. Rc1 Re8 14. Qc2 Bf8 15. Qd3 Rb8 16. Rfd1 Be7 17. Rc2 h5 18. Rb2 Ba3 19. Rbb1 Be7 20. c5 Bc8 21. Rb2 b5 22. cxb6 Qxb6 23. Na4 Qa7 24. Bf1 Ne4 25. Nf3 c5 26. dxc5 Nxc5 27. Nxc5 Bxc5 28. Nd4 Qb6 29. Rc2 Be6 30. Qa6 Bxd4 31. Rxd4 Qxa6 32. Bxa6 Rb4 33. Rc5 Ra8 34. Bb5 Rxd4 35. exd4 Ra7 36. Bc6 Kf8 37. Bxd5 Bxd5 38. Rxd5 Ke7 39. Kf1 a4 40. b4 a3 41. Ke2 Rb7 42. b5 Ke6 43. Rc5 Kd6 44. Kd3 Ra7 45. Kc4 Ra4+ 46. Kc3 1-0

[Event "HUN-chT2 Charousek 0405"]
[Site "Hungary"]
[Date "2005.02.06"]
[Round "7"]
[White "Juhasz, Jozsef"]
[Black "Dibusz, Ferenc"]
[Result "1-0"]
[WhiteElo "2277"]
[BlackElo "2223"]
[PlyCount "85"]
[EventDate "2004.09.26"]
[EventType "team"]
[EventRounds "11"]
[EventCountry "HUN"]
[SourceTitle "EXT 2008"]
[Source "ChessBase"]
[SourceDate "2007.11.25"]
[SourceVersion "1"]
[SourceVersionDate "2007.11.25"]
[SourceQuality "1"]
[WhiteTeam "Tapolca"]
[BlackTeam "Geniusz Tata"]
[WhiteTeamCountry "HUN"]
[BlackTeamCountry "HUN"]

1. e4 c5 2. Nf3 e6 3. d4 cxd4 4. Nxd4 Nf6 5. Nc3 Nc6 6. Ndb5 Bb4 7. a3 Bxc3+ 8. Nxc3 d5 9. exd5 exd5 10. Bd3 d4 11. Ne2 0-0 12. 0-0 Bg4 13. Re1 Re8 14. Bf4 Qd5 15. Qd2 Bxe2 16. Rxe2 Rxe2 17. Qxe2 Re8 18. Qd2 Qe6 19. Kf1 Nh5 20. Bc7 Nf6 21. h3 Nd5 22. Bg3 Qf6 23. Re1 Re6 24. Kg1 Qe7 25. Rxe6 Qxe6 26. Qe2 Qxe2 27. Bxe2 Kf8 28. Bf3 Nb6 29. Bd6+ Ke8 30. Bxc6+ bxc6 31. Bc5 g6 32. Bxd4 Nc8 33. Bc5 Kd7 34. Kf1 Ke6 35. c4 Kf5 36. Ke2 Ke4 37. g3 h6 38. f3+ Ke5 39. Ke3 h5 40. f4+ Ke6 41. b4 Kf5 42. a4 Ke6 43. Ke4 1-0

[Event "HUN-chT2 Charousek 0405"]
[Site "Hungary"]
[Date "2004.09.26"]
[Round "1"]
[White "Juhasz, Jozsef"]
[Black "Veress, Robert"]
[Result "1/2-1/2"]
[WhiteElo "2277"]
[BlackElo "2200"]
[PlyCount "20"]
[EventDate "2004.09.26"]
[EventType "team"]
[EventRounds "11"]
[EventCountry "HUN"]
[SourceTitle "EXT 2008"]
[Source "ChessBase"]
[SourceDate "2007.11.25"]
[SourceVersion "1"]
[SourceVersionDate "2007.11.25"]
[SourceQuality "1"]
[WhiteTeam "Tapolca"]
[BlackTeam "Szenna Pack"]
[WhiteTeamCountry "HUN"]
[BlackTeamCountry "HUN"]

1. e4 c6 2. d4 d5 3. exd5 cxd5 4. c4 Nf6 5. Nc3 e6 6. Nf3 Bb4 7. cxd5 exd5 8. Qa4+ Nc6 9. Bb5 0-0 10. 0-0 Qa5 1/2-1/2

[Event "HUN-chT2 Charousek 0304"]
[Site "Hungary"]
[Date "2004.04.18"]
[Round "11"]
[White "Frank, Jozsef"]
[Black "Juhasz, Jozsef"]
[Result "0-1"]
[WhiteElo "2189"]
[BlackElo "2277"]
[PlyCount "65"]
[EventDate "2003.09.28"]
[EventType "team"]
[EventRounds "11"]
[EventCountry "HUN"]
[SourceTitle "EXT 2005"]
[Source "ChessBase"]
[SourceDate "2004.11.15"]
[SourceVersion "1"]
[SourceVersionDate "2004.11.15"]
[SourceQuality "1"]

1. e4 c5 2. c3 d5 3. exd5 Qxd5 4. d4 Nf6 5. Nf3 e6 6. Be2 Be7 7. 0-0 0-0 8. dxc5 Qxd1 9. Rxd1 Bxc5 10. Bg5 Nbd7 11. Nbd2 b6 12. Nc4 h6 13. Bh4 g5 14. Bg3 Ne4 15. Bc7 Nxf2 16. Rxd7 Bxd7 17. b4 Ne4+ 18. bxc5 Nxc3 19. Bd3 bxc5 20. Nfe5 Bb5 21. Ba5 Nd5 22. a4 Ba6 23. Nd6 Bxd3 24. Nxd3 c4 25. Nxc4 Rfc8 26. Nd6 Rc6 27. Nb5 a6 28. Nd4 Rc4 29. Nf3 Rb8 30. Nfe5 Rc2 31. Re1 f6 32. Nd7 Rbc8 33. g3 0-1

[Event "HUN-chT2 Charousek 0304"]
[Site "Hungary"]
[Date "2004.03.21"]
[Round "9"]
[White "Fodor, Tamas Jr"]
[Black "Juhasz, Jozsef"]
[Result "0-1"]
[WhiteElo "2111"]
[BlackElo "2277"]
[PlyCount "82"]
[EventDate "2003.09.28"]
[EventType "team"]
[EventRounds "11"]
[EventCountry "HUN"]
[SourceTitle "EXT 2005"]
[Source "ChessBase"]
[SourceDate "2004.11.15"]
[SourceVersion "1"]
[SourceVersionDate "2004.11.15"]
[SourceQuality "1"]

1. d4 Nf6 2. Nf3 g6 3. g3 Bg7 4. Bg2 0-0 5. 0-0 c6 6. c4 d5 7. Nc3 dxc4 8. a4 Na6 9. e4 Be6 10. Qe2 h6 11. Rd1 Nd7 12. Be3 Nb4 13. Qd2 Kh7 14. h3 a5 15. Kh2 Qc8 16. Bf1 Rd8 17. Rac1 Nc5 18. Rb1 Nb3 19. Qe2 Nd3 20. Rxd3 cxd3 21. Qxd3 Nxd4 22. Nxd4 Bxd4 23. Bxd4 c5 24. Nb5 cxd4 25. Qd2 Qc5 26. Rc1 Qe5 27. Bg2 Rac8 28. f4 Qb8 29. Rf1 Bc4 30. Re1 Bxb5 31. axb5 d3 32. f5 g5 33. e5 Rc2 34. Qe3 Qc7 35. f6 e6 36. h4 Qc5 37. Qe4+ Kg8 38. hxg5 Qd5 39. gxh6 Qxe4 40. Rxe4 d2 41. Rg4+ Kh8 0-1

[Event "HUN-chT2 Charousek 0304"]
[Site "Hungary"]
[Date "2003.12.07"]
[Round "5"]
[White "Juhasz, Jozsef"]
[Black "Torok, Adam"]
[Result "1-0"]
[WhiteElo "2277"]
[BlackElo "2177"]
[PlyCount "55"]
[EventDate "2003.09.28"]
[EventType "team"]
[EventRounds "11"]
[EventCountry "HUN"]
[SourceTitle "EXT 2005"]
[Source "ChessBase"]
[SourceDate "2004.11.15"]
[SourceVersion "1"]
[SourceVersionDate "2004.11.15"]
[SourceQuality "1"]

1. e4 e6 2. d4 d5 3. Nc3 Bb4 4. e5 b6 5. a3 Bf8 6. Bb5+ c6 7. Ba4 Bd7 8. Bb3 Ne7 9. Nce2 c5 10. c3 Nbc6 11. Nf3 h6 12. 0-0 cxd4 13. cxd4 Na5 14. Bc2 Bb5 15. Qe1 Qd7 16. Nf4 0-0-0 17. Bd2 Nc4 18. Bc3 Kb8 19. a4 Bc6 20. a5 bxa5 21. b3 Nb6 22. Rxa5 Bb5 23. Qd2 Rc8 24. Rfa1 Qc6 25. Bb4 a6 26. Bd6+ Kb7 27. Bd3 Bxd3 28. Nxd3 1-0

[Event "HUN-chT2 Charousek 0203"]
[Site "Hungary"]
[Date "2003.04.06"]
[Round "10.8"]
[White "Juhasz, Jozsef"]
[Black "Medvegyne Balogh, Emese"]
[Result "1-0"]
[WhiteElo "2257"]
[BlackElo "2051"]
[PlyCount "93"]
[EventDate "2002.09.22"]
[EventType "team"]
[EventRounds "11"]
[EventCountry "HUN"]
[SourceTitle "EXT 2004"]
[Source "ChessBase"]
[SourceDate "2003.11.25"]
[SourceVersion "1"]
[SourceVersionDate "2003.11.25"]
[SourceQuality "1"]
[WhiteTeam "Tapolca Rockwool"]
[BlackTeam "Penzugyor"]
[WhiteTeamCountry "HUN"]
[BlackTeamCountry "HUN"]

1. e4 c5 2. Nf3 Nc6 3. d4 cxd4 4. Nxd4 Nf6 5. Nc3 e5 6. Ndb5 d6 7. Bg5 a6 8. Na3 b5 9. Bxf6 gxf6 10. Nd5 Bg7 11. c3 f5 12. exf5 Bxf5 13. Nc2 Ne7 14. Bd3 e4 15. Nxe7 Qxe7 16. Bxb5+ axb5 17. Qd5 Rc8 18. Qxf5 Rc5 19. Qh3 0-0 20. 0-0 f5 21. f4 Rd5 22. Rfd1 Rxd1+ 23. Rxd1 Qa7+ 24. Qe3 Qxa2 25. Qc1 Qa7+ 26. Kf1 Qc5 27. Qd2 Rf6 28. Qd5+ Kh8 29. Qxc5 dxc5 30. Rd5 Bf8 31. Ne3 Ra6 32. Rxf5 Bd6 33. Ke2 Ra2 34. Nd1 Kg7 35. g3 b4 36. cxb4 cxb4 37. Rd5 Be7 38. Rd4 b3 39. Rd7 Kf6 40. Rb7 h5 41. Rxb3 h4 42. Nc3 Ra1 43. Nxe4+ Kf5 44. Nf2 hxg3 45. hxg3 Ra2 46. Rb6 Bf6 47. g4+ 1-0

[Event "HUN-chT2 Charousek 0203"]
[Site "Hungary"]
[Date "2003.02.02"]
[Round "6.8"]
[White "Veress, Robert"]
[Black "Juhasz, Jozsef"]
[Result "1/2-1/2"]
[WhiteElo "2182"]
[BlackElo "2257"]
[PlyCount "25"]
[EventDate "2002.09.22"]
[EventType "team"]
[EventRounds "11"]
[EventCountry "HUN"]
[SourceTitle "EXT 2004"]
[Source "ChessBase"]
[SourceDate "2003.11.25"]
[SourceVersion "1"]
[SourceVersionDate "2003.11.25"]
[SourceQuality "1"]
[WhiteTeam "Szenna Pack"]
[BlackTeam "Tapolca Rockwool"]
[WhiteTeamCountry "HUN"]
[BlackTeamCountry "HUN"]

1. d4 Nf6 2. c4 g6 3. Nc3 d5 4. cxd5 Nxd5 5. e4 Nxc3 6. bxc3 Bg7 7. Bb5+ c6 8. Ba4 0-0 9. Ne2 c5 10. 0-0 Nc6 11. d5 Na5 12. Bg5 Nc4 13. Bb3 1/2-1/2

[Event "HUN-chT2 0102"]
[Site "Hungary"]
[Date "2002.04.21"]
[Round "11"]
[White "Antok, Daniel"]
[Black "Juhasz, Jozsef"]
[Result "0-1"]
[WhiteElo "2131"]
[BlackElo "2214"]
[PlyCount "30"]
[EventDate "2001.??.??"]
[EventType "team"]
[EventRounds "11"]
[EventCountry "HUN"]
[SourceTitle "EXT 2004"]
[Source "ChessBase"]
[SourceDate "2003.11.25"]
[SourceVersion "1"]
[SourceVersionDate "2003.11.25"]
[SourceQuality "1"]

1. e4 c5 2. Nf3 d6 3. d4 cxd4 4. Nxd4 Nf6 5. Nc3 a6 6. Bc4 e6 7. 0-0 b5 8. Bb3 Be7 9. Qf3 Qc7 10. a3 0-0 11. Bg5 Nc6 12. Nxc6 Qxc6 13. Rad1 Bb7 14. Qg3 Rfd8 15. f3 Nh5 0-1

[Event "HUN-chT2 0102"]
[Site "Hungary"]
[Date "2002.04.07"]
[Round "10"]
[White "Juhasz, Jozsef"]
[Black "Biro, Peter"]
[Result "1-0"]
[WhiteElo "2214"]
[BlackElo "2167"]
[PlyCount "117"]
[EventDate "2001.??.??"]
[EventType "team"]
[EventRounds "11"]
[EventCountry "HUN"]
[SourceTitle "EXT 2004"]
[Source "ChessBase"]
[SourceDate "2003.11.25"]
[SourceVersion "1"]
[SourceVersionDate "2003.11.25"]
[SourceQuality "1"]

1. e4 e5 2. Nf3 d6 3. d4 exd4 4. Nxd4 g6 5. Nc3 Bg7 6. Be3 Nf6 7. Qd2 0-0 8. 0-0-0 Re8 9. f3 a6 10. g4 b5 11. h4 b4 12. Nb1 d5 13. Nb3 Nc6 14. g5 Nh5 15. Qxd5 Qxd5 16. Rxd5 Ng3 17. Rg1 Nxf1 18. Rxf1 a5 19. Nc5 Bh3 20. Rf2 Rad8 21. Rfd2 Rxd5 22. Rxd5 Ne5 23. Nd2 c6 24. Rd4 Bg2 25. Nd7 Nxf3 26. Nxf3 Bxf3 27. e5 Bd5 28. Bf4 Re7 29. Nf6+ Bxf6 30. gxf6 Rd7 31. a3 c5 32. Rd3 c4 33. Rd4 bxa3 34. bxa3 Kf8 35. Bd2 a4 36. Bb4+ Ke8 37. Bd6 Be6 38. Kb2 Rb7+ 39. Bb4 Rd7 40. Kc3 Rc7 41. Ba5 Rc8 42. Rd6 Ra8 43. Bb6 h6 44. Be3 Ra5 45. Kd4 h5 46. Bd2 Ra7 47. Kc3 Rc7 48. Be3 Rd7 49. Ra6 Rd1 50. Ra7 Rh1 51. Bc5 Rh3+ 52. Kb4 Rf3 53. Re7+ Kd8 54. Bb6+ Kc8 55. Kc5 Bf5 56. Rxf7 Bxc2 57. e6 Rf5+ 58. Kb4 Rd5 59. Rf8+ 1-0

[Event "HUN-chT2 0102"]
[Site "Hungary"]
[Date "2002.01.13"]
[Round "5"]
[White "Juhasz, Jozsef"]
[Black "Zoldi, Zoltan"]
[Result "0-1"]
[WhiteElo "2214"]
[BlackElo "2181"]
[PlyCount "60"]
[EventDate "2001.??.??"]
[EventType "team"]
[EventRounds "11"]
[EventCountry "HUN"]
[SourceTitle "EXT 2004"]
[Source "ChessBase"]
[SourceDate "2003.11.25"]
[SourceVersion "1"]
[SourceVersionDate "2003.11.25"]
[SourceQuality "1"]

1. e4 c5 2. Nf3 e6 3. d4 cxd4 4. Nxd4 a6 5. Bd3 Nf6 6. 0-0 d6 7. c4 Nbd7 8. Nc3 Qc7 9. Be3 b6 10. Rc1 Bb7 11. f3 Be7 12. Re1 0-0 13. Qd2 Rfe8 14. Bf1 Rac8 15. Kh1 Qb8 16. a3 Ne5 17. Na4 Bd8 18. b4 Bc7 19. Bg1 d5 20. exd5 exd5 21. cxd5 Nxd5 22. Nf5 Ng6 23. Qb2 Re5 24. Rxe5 Bxe5 25. Qb1 Bc6 26. Bxa6 Rc7 27. Bc4 Qb7 28. Bxd5 Bxd5 29. Nxb6 Bxf3 30. Ne3 Nh4 0-1

[Event "HUN-chT2 9899"]
[Site "Hungary"]
[Date "1999.??.??"]
[Round "?"]
[White "Juhasz, Jozsef"]
[Black "Jakab, Attila"]
[Result "0-1"]
[WhiteElo "2240"]
[BlackElo "2210"]
[PlyCount "110"]
[EventDate "1998.??.??"]
[EventType "team"]
[EventRounds "12"]
[EventCountry "HUN"]
[SourceTitle "EXT 2000"]
[Source "ChessBase"]
[SourceDate "1999.11.16"]
[SourceVersion "1"]
[SourceVersionDate "1999.11.16"]
[SourceQuality "1"]

1. e4 e6 2. d4 d5 3. Nc3 Nf6 4. e5 Nfd7 5. f4 c5 6. Nf3 Nc6 7. Be3 cxd4 8. Nxd4 Bc5 9. Qd2 0-0 10. Be2 a6 11. 0-0 Nxd4 12. Bxd4 Qb6 13. Bxc5 Qxc5+ 14. Kh1 f6 15. exf6 Nxf6 16. Bf3 Bd7 17. Ne2 Rfe8 18. Rfe1 e5 19. fxe5 Rxe5 20. Nf4 Rae8 21. Rxe5 Rxe5 22. Nd3 Qd4 23. c3 Qe3 24. Qxe3 Rxe3 25. Nb4 Ba4 26. Bxd5+ Nxd5 27. Nxd5 Re2 28. b3 Bd7 29. Kg1 Bf5 30. Rf1 g6 31. Rf2 Re1+ 32. Rf1 Re2 33. a3 Bc2 34. b4 Bb3 35. Nf6+ Kg7 36. Nd7 Bd5 37. Rf2 Re1+ 38. Rf1 Re3 39. Nb6 Bc6 40. Rc1 Re2 41. g3 Rg2+ 42. Kf1 Rxh2 43. Re1 Ra2 44. a4 Kf6 45. Rd1 Kf5 46. Rd4 h5 47. Nc4 Rxa4 48. g4+ Kg5 49. Ne5 h4 50. Nxc6 bxc6 51. Kg2 a5 52. Kh3 Ra3 53. Rc4 axb4 54. Rc5+ Kh6 55. Kxh4 Rxc3 0-1

[Event "HUN-chT2 9798"]
[Site "Hungary"]
[Date "1998.??.??"]
[Round "?"]
[White "Nemeth, Antal"]
[Black "Juhasz, Jozsef"]
[Result "0-1"]
[WhiteElo "2275"]
[BlackElo "2270"]
[PlyCount "62"]
[EventDate "1997.??.??"]
[EventType "team"]
[EventRounds "11"]
[EventCountry "HUN"]
[SourceTitle "EXT 1999"]
[Source "ChessBase"]
[SourceDate "1998.11.16"]
[SourceVersion "1"]
[SourceVersionDate "1998.11.16"]
[SourceQuality "1"]

1. Nf3 Nf6 2. c4 g6 3. g3 c6 4. d4 d5 5. cxd5 cxd5 6. Bg2 Bg7 7. 0-0 0-0 8. Nc3 Ne4 9. Ne5 Nxc3 10. bxc3 Nc6 11. f4 Na5 12. e4 dxe4 13. Bxe4 Bh3 14. Rf2 Be6 15. h4 Bd5 16. Bd3 Rc8 17. Bd2 Nc4 18. Be1 Nxe5 19. fxe5 Qd7 20. Rc1 Bh6 21. Bf1 Bxc1 22. Qxc1 f6 23. h5 Qg4 24. hxg6 hxg6 25. Rh2 Qg5 26. Qxg5 fxg5 27. Be2 Kg7 28. Bd2 Rh8 29. Bxg5 Rxh2 30. Kxh2 Rxc3 31. Bg4 Kf7 0-1

[Event "HUN-chT"]
[Site "Hungary"]
[Date "1993.??.??"]
[Round "?"]
[White "Horvath, Csaba"]
[Black "Juhasz, Jozsef"]
[Result "1-0"]
[WhiteElo "2515"]
[BlackElo "2235"]
[PlyCount "47"]
[EventDate "1993.??.??"]
[EventType "team"]
[EventRounds "13"]
[EventCountry "HUN"]
[SourceTitle "TD"]
[Source "ChessBase"]
[SourceDate "1994.03.01"]
[SourceVersion "1"]
[SourceVersionDate "1994.03.01"]
[SourceQuality "1"]

1. d4 Nf6 2. c4 e6 3. Nc3 d5 4. Nf3 Be7 5. g3 0-0 6. Bg2 Nbd7 7. 0-0 c6 8. Qd3 b6 9. e4 dxe4 10. Nxe4 Nxe4 11. Qxe4 Bb7 12. Rd1 Re8 13. Bf4 Qc8 14. Ne5 Nxe5 15. Bxe5 Bf8 16. h4 Re7 17. c5 Rd7 18. b4 Qd8 19. Qg4 Kh8 20. Qh5 Rc8 21. Be4 f5 22. Bd3 Kg8 23. Bc4 Rd5 24. Qf3 1-0

[Event "HUN-chT"]
[Site "Hungary"]
[Date "1993.??.??"]
[Round "?"]
[White "Juhasz, Jozsef"]
[Black "Feher, Gyula"]
[Result "0-1"]
[WhiteElo "2240"]
[BlackElo "2385"]
[PlyCount "136"]
[EventDate "1993.??.??"]
[EventType "team"]
[EventRounds "13"]
[EventCountry "HUN"]
[SourceTitle "TD"]
[Source "ChessBase"]
[SourceDate "1994.03.01"]
[SourceVersion "1"]
[SourceVersionDate "1994.03.01"]
[SourceQuality "1"]

1. e4 c5 2. Nf3 e6 3. d4 cxd4 4. Nxd4 Nc6 5. Nxc6 bxc6 6. Bd3 Nf6 7. 0-0 d6 8. c4 Be7 9. Nc3 e5 10. Kh1 0-0 11. b3 Nd7 12. Bb2 Nc5 13. Bc2 Ne6 14. Ne2 c5 15. Nc3 Nd4 16. Nd5 Bb7 17. f4 Bxd5 18. exd5 exf4 19. Bxd4 cxd4 20. Qxd4 Bf6 21. Qd3 g6 22. Rae1 Qa5 23. Bb1 Be5 24. Re2 Qc5 25. Rfe1 a5 26. a4 Ra7 27. Qf3 Re7 28. h3 Rfe8 29. Bd3 Kf8 30. Qf2 Qd4 31. Qxd4 Bxd4 32. Rxe7 Rxe7 33. Rd1 Bc5 34. Rf1 Re3 35. Rf3 Re1+ 36. Bf1 Be3 37. Kh2 Ke7 38. g3 g5 39. gxf4 Bxf4+ 40. Kg2 f5 41. Bd3 Kf6 42. c5 dxc5 43. d6 Re6 44. d7 Rd6 45. Bb5 Be5 46. Bd3 f4 47. Bxh7 Rxd7 48. Bd3 Bd4 49. Bb5 Re7 50. h4 Rg7 51. hxg5+ Rxg5+ 52. Kf1 Ke5 53. Ke2 Rh5 54. Kd3 Rh1 55. Bc6 Rh6 56. Bb5 Be3 57. Rf1 Rd6+ 58. Kc3 Ke4 59. Be2 Bd2+ 60. Kc2 Ke3 61. Bh5 Rh6 62. Rf3+ Ke4 63. Rh3 Rd6 64. Rd3 Rxd3 65. Bg6+ Ke3 66. Bxd3 f3 67. Bf1 Kf2 68. Bh3 Ke1 0-1